Statistics for Groups of Six

Click here to take the quiz!

General Stats

  • This quiz has been taken 1,572 times
    (1,369 since last reset)
  • The average score is 18 of 54

Answer Stats

Hint Answer % Correct
Red
94%
White
94%
Blue
94%
Green
94%
Yellow
93%
Ringo Starr
84%
John Lennon
83%
Paul McCartney
81%
Orange
80%
George Harrison
71%
Night of the Living Dead
63%
Helium
62%
Neon
61%
White House
61%
Dawn of the Dead
52%
Argon
52%
Xenon
47%
Day of the Dead
41%
United States Capitol
38%
General Electric
37%
Radon
35%
Lincoln Memorial
35%
Krypton
31%
Cindy Crawford
31%
Desert
26%
Arctic Tundra
22%
Naomi Campbell
20%
Pete Best
19%
Rain Forest
19%
CBS
18%
Nuclear
14%
Claudia Schiffer
14%
Disney
13%
United States Treasury
13%
Pyramid
12%
Time Warner
11%
Electrical
8%
Land of the Dead
8%
Grassland
8%
Chemical
7%
Thermal
7%
Christy Turlington
7%
Independence Hall
6%
Elle Macpherson
5%
Stuart Sutcliffe
5%
Viacom
5%
Mechanical
5%
Deciduous Forest
5%
Linda Evangelista
4%
News Corp
3%
Coniferous Forest
3%
Diary of the Dead
3%
Radiant
1%
Survival of the Dead
1%

Score Distribution

Percentile by Number Answered

Percent of People with Each Score

Your Score History

You have not taken this quiz since the last reset